<?xml version="1.0" encoding="UTF-8"?>
<record
    xmlns:xsi="http://www.w3.org/2001/XMLSchema-instance"
    xsi:schemaLocation="http://www.loc.gov/MARC21/slim http://www.loc.gov/standards/marcxml/schema/MARC21slim.xsd"
    xmlns="http://www.loc.gov/MARC21/slim">

  <leader>00757nam a22002297a 4500</leader>
  <controlfield tag="005">20230905102205.0</controlfield>
  <datafield tag="010" ind1=" " ind2=" ">
    <subfield code="a">UR-12198      UR-7600             UR-11989         UR-12001          </subfield>
  </datafield>
  <datafield tag="020" ind1=" " ind2=" ">
    <subfield code="a">8186370404</subfield>
    <subfield code="c">80.00</subfield>
  </datafield>
  <datafield tag="035" ind1=" " ind2=" ">
    <subfield code="a">U-6155</subfield>
  </datafield>
  <datafield tag="035" ind1=" " ind2=" ">
    <subfield code="a">U-10544</subfield>
  </datafield>
  <datafield tag="035" ind1=" " ind2=" ">
    <subfield code="a">U-10556</subfield>
  </datafield>
  <datafield tag="035" ind1=" " ind2=" ">
    <subfield code="a">U-10753</subfield>
  </datafield>
  <datafield tag="037" ind1=" " ind2=" ">
    <subfield code="b">DBAD/PUB</subfield>
  </datafield>
  <datafield tag="082" ind1=" " ind2=" ">
    <subfield code="a">500.092</subfield>
  </datafield>
  <datafield tag="245" ind1=" " ind2=" ">
    <subfield code="a">&#x645;&#x633;&#x644;&#x645; &#x633;&#x627;&#x626;&#x646;&#x646;&#x633; &#x62F;&#x627;&#x6BA; /</subfield>
    <subfield code="b"> </subfield>
    <subfield code="c">&#x627;&#x645; &#x627;&#x6D2; &#x635;&#x62F;&#x6CC;&#x642;&#x6CC; &#x60C; &#x641;&#x627;&#x626;&#x632;&#x6C1; &#x635;&#x62F;&#x6CC;&#x642;&#x6C1;</subfield>
  </datafield>
  <datafield tag="246" ind1=" " ind2=" ">
    <subfield code="a">Muslim Sayensdan /</subfield>
    <subfield code="b">by M A Siddiqui </subfield>
  </datafield>
  <datafield tag="260" ind1=" " ind2=" ">
    <subfield code="a">&#x62D;&#x6CC;&#x62F;&#x631;&#x622;&#x628;&#x627;&#x62F;</subfield>
    <subfield code="b">&#x627;&#x642;&#x628;&#x627;&#x644; &#x627;&#x6A9;&#x6CC;&#x688;&#x645;&#x6CC;</subfield>
    <subfield code="c">2008 &#x621;</subfield>
  </datafield>
  <datafield tag="270" ind1=" " ind2=" ">
    <subfield code="a">10-5-7/1, Gulshane khaleel, IIIrd floor, </subfield>
    <subfield code="b">Hyderabad</subfield>
    <subfield code="e">500028</subfield>
  </datafield>
  <datafield tag="300" ind1=" " ind2=" ">
    <subfield code="a">90 &#x635;</subfield>
    <subfield code="b">22cm(pbk)</subfield>
  </datafield>
  <datafield tag="500" ind1=" " ind2=" ">
    <subfield code="a"> </subfield>
  </datafield>
  <datafield tag="942" ind1=" " ind2=" ">
    <subfield code="2">ddc</subfield>
    <subfield code="c">UR</subfield>
    <subfield code="h">500.092</subfield>
    <subfield code="m">&#x635; &#x62F; &#x6CC;</subfield>
  </datafield>
  <datafield tag="999" ind1=" " ind2=" ">
    <subfield code="c">39761</subfield>
    <subfield code="d">39761</subfield>
  </datafield>
  <datafield tag="952" ind1=" " ind2=" ">
    <subfield code="0">0</subfield>
    <subfield code="1">0</subfield>
    <subfield code="4">0</subfield>
    <subfield code="7">1</subfield>
    <subfield code="8">NFIC</subfield>
    <subfield code="a">DBAD</subfield>
    <subfield code="b">DBAD</subfield>
    <subfield code="d">2010-08-06</subfield>
    <subfield code="e">DBAD/PUB</subfield>
    <subfield code="g">80.00</subfield>
    <subfield code="l">0</subfield>
    <subfield code="o">500.092 &#x635; &#x62F; &#x6CC;</subfield>
    <subfield code="p">U-6155</subfield>
    <subfield code="r">2010-08-06 00:00:00</subfield>
    <subfield code="t">1</subfield>
    <subfield code="v">80.00</subfield>
    <subfield code="y">UR</subfield>
  </datafield>
  <datafield tag="952" ind1=" " ind2=" ">
    <subfield code="0">0</subfield>
    <subfield code="1">0</subfield>
    <subfield code="4">0</subfield>
    <subfield code="7">0</subfield>
    <subfield code="8">NFIC</subfield>
    <subfield code="a">BL4</subfield>
    <subfield code="b">BL4</subfield>
    <subfield code="d">2023-05-15</subfield>
    <subfield code="e">DBAD/PUB</subfield>
    <subfield code="g">80.00</subfield>
    <subfield code="l">0</subfield>
    <subfield code="o">500.092 &#x635; &#x62F; &#x6CC;</subfield>
    <subfield code="p">U-10544</subfield>
    <subfield code="r">2023-05-15 00:00:00</subfield>
    <subfield code="t">1</subfield>
    <subfield code="v">80.00</subfield>
    <subfield code="w">2023-05-15</subfield>
    <subfield code="y">UR</subfield>
  </datafield>
  <datafield tag="952" ind1=" " ind2=" ">
    <subfield code="0">0</subfield>
    <subfield code="1">0</subfield>
    <subfield code="4">0</subfield>
    <subfield code="7">0</subfield>
    <subfield code="8">NFIC</subfield>
    <subfield code="a">BL4</subfield>
    <subfield code="b">BL4</subfield>
    <subfield code="d">2023-05-16</subfield>
    <subfield code="e">DBAD/PUB</subfield>
    <subfield code="g">80.00</subfield>
    <subfield code="l">0</subfield>
    <subfield code="o">500.092 &#x635; &#x62F; &#x6CC;</subfield>
    <subfield code="p">U-10556</subfield>
    <subfield code="r">2023-05-16 00:00:00</subfield>
    <subfield code="t">1</subfield>
    <subfield code="v">80.00</subfield>
    <subfield code="w">2023-05-16</subfield>
    <subfield code="y">UR</subfield>
  </datafield>
  <datafield tag="952" ind1=" " ind2=" ">
    <subfield code="0">0</subfield>
    <subfield code="1">0</subfield>
    <subfield code="4">0</subfield>
    <subfield code="7">0</subfield>
    <subfield code="8">NFIC</subfield>
    <subfield code="a">ZLS</subfield>
    <subfield code="b">ZLS</subfield>
    <subfield code="d">2023-09-05</subfield>
    <subfield code="e">DBAD/PUB</subfield>
    <subfield code="g">80.00</subfield>
    <subfield code="l">0</subfield>
    <subfield code="o">500.092 &#x635; &#x62F; &#x6CC;</subfield>
    <subfield code="p">U-10753</subfield>
    <subfield code="r">2023-09-05 00:00:00</subfield>
    <subfield code="t">1</subfield>
    <subfield code="v">80.00</subfield>
    <subfield code="w">2023-09-05</subfield>
    <subfield code="y">UR</subfield>
  </datafield>
</record>
